Normal view
MARC view
- López Vidales, Nereida
Entry Nombre personal
001 - NÚMERO DE CONTROL
- campo de control: 6491
003 - IDENTIFICADOR DEL NÚMERO DE CONTROL
- campo de control: ES-StUEA
005 - FECHA Y HORA DE LA ÚLTIMA TRANSACCIÓN
- campo de control: 20260311101010.0
008 - DATOS DE LONGITUD FIJA
- campo de control de longitud fija: 260311|| aca||aabn | a|a d
040 ## - FUENTE DE LA CATALOGACIÓN
- Centro catalogador/agencia de origen: ES-StUEA
- Centro/agencia transcriptor: ES-StUEA
100 ## - ENCABEZAMIENTO-NOMBRE DE PERSONA
- Nombre de persona: López Vidales, Nereida
670 ## - FUENTE DE DATOS ENCONTRADOS
- Cita de la fuente: Work cat.: (ES-StUEA)0: López Vidales, Nereida aut, Radio informativa :, 2014